| 000 | 005980000a22001810004500 | ||
|---|---|---|---|
| 003 | MACL | ||
| 005 | 20160610124451.0 | ||
| 008 | 160610b xxu||||| |||| 00| 0 eng d | ||
| 040 |
_aMACL _cmacl |
||
| 041 | _aHindi | ||
| 082 | _a954 | ||
| 100 |
_aहीरालाल, रायबहादुर _963785 |
||
| 245 |
_aमध्यप्रदेश का इतिहास _cरायबहादुर हीरालाल |
||
| 260 |
_bनागरीप्रचारिणी सभा _c1996 _aकाशी |
||
| 350 | _a2 | ||
| 650 |
_aHistory _963786 |
||
| 942 |
_cHIN _k954 _2ddc |
||
| 999 |
_c25768 _d25768 |
||